| 000 | 00648nam a2200217Ia 4500 | ||
|---|---|---|---|
| 005 | 20241129111137.0 | ||
| 008 | 241129s9999||||xx |||||||||||||| ||und|| | ||
| 020 | _a978-81-961700-2-8 | ||
| 037 | _aTB | ||
| 040 |
_aCRL _beng _cCRL |
||
| 041 |
_aeng _2eng |
||
| 084 |
_aY73(Q7).2 R4 _qCRL |
||
| 100 |
_aAbdur Rahman Au. _9723464 |
||
| 245 | 0 |
_aAbsent in politics and power: political exclusion of indian muslims _cAbdur Rahman Au. |
|
| 260 |
_aNew Delhi, India _bManohar Publisher & Distributor _c2024 |
||
| 300 | _a359p. | ||
| 365 |
_aINR _b1295 |
||
| 650 | _aSociology | ||
| 942 |
_cTB _hY73(Q7).2 R4 |
||
| 999 |
_c1229127 _d1229127 |
||